Riconosci l'Anno dagli eventi - Quiz n°527 - Statistics

Statistiche generali
  • Questo quiz è stato fatto 6 volte
  • Il punteggio medio è 10 su 11
Statistiche sulle risposte
Indizio Risposta % Corretto
D 10 aprile – Battaglia di Novara (Luigi XII sconfigge Ludovico il Moro).
100%
E 22 aprile – Pedro Álvares Cabral sbarca in Brasile e lo annette al Portogallo. In realtà era partito per le Indie, sulla rotta di Vasco da Gama. La fortunata coincidenza fu forse causata da una sospensione fuori rotta dal vento.
100%
C 26 gennaio – Vicente Yáñez Pinzón raggiunge le coste settentrionali del Brasile.
100%
B 5 gennaio – Ludovico Sforza conquista Milano.
100%
A Bologna passa allo Stato Pontificio.
100%
F 10 agosto – Diogo Dias scopre un'isola che lui chiama "St. Lawrence" (per il santo del giorno in cui fu scoperta), in futuro rinominata Madagascar.
83%
G 11 novembre – Trattato segreto di Granada (patto tra Luigi XII di Francia e Ferdinando II d'Aragona il Cattolico per la conquista del Regno di Napoli).
83%
H 16 novembre – Go-Kashiwabara diventa il 104º imperatore del Giappone.
83%
I 24 dicembre – Assedio di Cefalonia: Consalvo di Cordova comanda una vittoria ispano-veneziana contro l'Impero Ottomano.
83%
L Per la cattiva amministrazione della colonia di Hispaniola, Colombo e i suoi fratelli vengono arrestati dall'inviato reale spagnolo.
83%
Anno 1500
50%
Nessun quiz corrispondente trovato
Distribuzione punteggi
Percentuale di utenti per punteggio
Percentile per numero di risposta
I tuoi punteggi nel tempo
Non hai fatto questo quiz